Methodes de management le guide

Αποθηκεύτηκε σε:
Λεπτομέρειες βιβλιογραφικής εγγραφής
Κύριος συγγραφέας: Chauvet, Alain
Άλλοι συγγραφείς: Charcher, Xavier (Συγγραφέας εισαγωγής κ.λπ.)
Μορφή: Βιβλίο
Γλώσσα:French
Δημοσίευση: Paris : Les edition d' Organisation, 1997
Έκδοση:2rd ed.
Θέματα:
Ετικέτες: Προσθήκη ετικέτας
Δεν υπάρχουν, Καταχωρήστε ετικέτα πρώτοι!

MARC

LEADER 00000nam a2200000 i 4500
001 1/48984
008 980129s1997 fre d
020 |a 2708119923 
035 |l 10026761 
040 |a GR-MY-UA  |b gre  |e aacr 
041 0 |a fre 
082 0 |a 658 
100 1 |a Chauvet, Alain. 
245 1 0 |a Methodes de management le guide /  |c Alain Chauvet ; Preface : Xavier Karcher 
250 |a 2rd ed. 
260 |a Paris :   |b Les edition d' Organisation,   |c 1997 
300 |a 308 σ. 
504 |a Περιλαμβάνει ευρετήριο 
650 0 0 |a Management. 
700 1 |a Charcher, Xavier.  |4 aui 
852 |a INST  |b CHIOS  |e 19980129  |h 658 CHA  |p 005200009989  |q 005200009989  |t BK  |y 0 
901 |a BIBL-1998-1 
909 |a Χ  |b 052540 
922 |a 2ΕΛΗ  |b 199712  |c ΜΑΡΟΥΔΑΣ  |d ΠΑΠΑΣΩΤΗΡΙΟΥ